000 00288nam a22001337a 4500
008 180125b xxu||||| |||| 00| 0 eng d
020 _a0226317641
041 _aeng
080 _a91
100 _a42
101 _aGJEO
245 _aThe fragmented forest
_cHarris,L.D
942 _2udc
_cBK
999 _c40981
_d40981